| 000 | 00486nam a2200193Ia 4500 | ||
|---|---|---|---|
| 008 | 170918s9999 xx 000 0 und d | ||
| 020 | _a9780590819282 | ||
| 050 | _bD437 1996 | ||
| 100 | _aDeRolf, Shane | ||
| 245 | 4 | _aThe crayon box that talked / | |
| 245 | _cShane DeRolf ; illustrated by Michael Letzig. | ||
| 260 | _aNew York : | ||
| 260 | _bScholastic, | ||
| 260 | _c1996 | ||
| 300 | _aunpaged : | ||
| 300 | _bcolored illustration ; | ||
| 300 | _c26cm. | ||
| 500 | _a590 | ||
| 999 |
_c341697 _d341697 |
||